| 000 | nam a22 a 4500 | ||
|---|---|---|---|
| 999 |
_c789 _d789 |
||
| 003 | AKMAL | ||
| 005 | 20170505114117.0 | ||
| 008 | 170505s2010 my | e l 000 0 may d | ||
| 020 | _a9789678921428 (kkt.) | ||
| 082 | 0 | 4 |
_a343.595056 MAL _222 |
| 090 | 0 | 0 |
_a343.595056 _bMAL |
| 110 | 1 |
_aMalaysia _9400 |
|
| 245 | 1 | 0 |
_aAkta Kastam 1967 (Akta 235), Peraturan-Peraturan & Perintah : _b(hingga 5hb Mac 2011) / _cdisusun oleh Lembaga Penyelidikan Undang-Undang |
| 260 |
_aPetaling Jaya : _bInternational Law Book Services, _c2011 |
||
| 300 |
_a256ms. ; _c24cm. |
||
| 490 | 1 | _aUndang-undang Malaysia | |
| 650 | 1 | 0 |
_aTariff _xLaw and legislation _zMalaysia _920 |
| 650 | 2 | 0 |
_aCustoms administration _xLaw and legislation _zMalaysia _91717 |
| 710 | 2 |
_aLembaga Penyelidikan Undang-Undang _91718 |
|
| 830 | 0 |
_aUNDANG-UNDANG MALAYSIA _91719 |
|
| 942 |
_2ddc _cBOOK |
||